Culture Générale : Mythologie Grecque - Statistiques

Statistiques générales
  • Ce quiz a été pris 1 408 fois
  • Le résultat moyen est 11 sur 15
Statistiques - réponses
Hint Réponse % Correct
Chien à trois têtes gardant l'entrée des Enfers Cerbère
95%
Dieu des Mers et des Océans Poséidon
95%
Dieu du Temps Chronos
92%
Il tua son père et épousa sa mère Œdipe
89%
Dieu du Vent Éole
86%
Le Paradis Champs-Élysées
85%
Frère jumeau de celui-ci,Dieu du Sommeil Hypnos
81%
Déesse de la Lune Séléné
76%
Mère de Perséphone Déméter
75%
L'Enfer Tartare
71%
Entité primordiale Chaos
64%
Dieu de la mort violente Thanatos
61%
Les Trois Géants : Briarée,Cottos et... Gygès
59%
Déesse de la justice divine Némésis
57%
Déesse de la Magie Noire Hécate
56%
Aucun quiz correspondant
Distribution des résultats
% des personnes avec chaque résultat
Percentile par nombre de réponses
Votre historique - résultats
Vous n’avez pas pris ce quiz